Resistive gaseous detectors : designs, performance, and perspectives

This critical summary for experts fills the gap between the rapid developments in the field and their simple and analytical descriptions. The experienced international team of authors adopts a didactic approach, with each subject gradually increasing in complexity.

Saved in:
Bibliographic Details
Main Authors Abbrescia, Marcello (Author), Peskov, Vladimir (Author), Fonte, Paulo (Author)
Format Electronic eBook
LanguageEnglish
Published [Hoboken, NJ?] : Wiley-VCH, [2018]
Subjects
Online AccessFull text
ISBN9783527698721
3527698728
9783527698691
3527698698
3527340769
9783527340767
9781523118557
1523118555
9783527698707
3527698701
9783527698714
352769871X
Physical Description1 online resource

Cover

LEADER 00000cam a2200000 i 4500
001 kn-on1030303223
003 OCoLC
005 20240717213016.0
006 m o d
007 cr cn|||||||||
008 180403s2018 nju o 000 0 eng d
040 |a N$T  |b eng  |e rda  |e pn  |c N$T  |d N$T  |d NLE  |d DG1  |d OCLCF  |d CNCGM  |d UPM  |d COO  |d YDX  |d OCLCQ  |d MERER  |d OCLCQ  |d STF  |d UAB  |d CEF  |d ERL  |d WYU  |d RECBK  |d LVT  |d U3W  |d OCLCQ  |d KNOVL  |d ESU  |d VLB  |d UKAHL  |d OCLCQ  |d UKMGB  |d OCLCQ  |d OCLCO  |d OCLCQ  |d OCLCO  |d OCLCL  |d SXB 
020 |a 9783527698721  |q (electronic bk.) 
020 |a 3527698728  |q (electronic bk.) 
020 |a 9783527698691  |q (electronic bk. ;  |q oBook) 
020 |a 3527698698  |q (electronic bk. ;  |q oBook) 
020 |a 3527340769 
020 |a 9783527340767 
020 |a 9781523118557  |q (electronic bk.) 
020 |a 1523118555  |q (electronic bk.) 
020 |a 9783527698707  |q (ePub ebook) 
020 |a 3527698701 
020 |a 9783527698714  |q (Mobipocket ebook) 
020 |a 352769871X 
024 3 |a 9783527340767 
035 |a (OCoLC)1030303223 
100 1 |a Abbrescia, Marcello,  |e author. 
245 1 0 |a Resistive gaseous detectors :  |b designs, performance, and perspectives /  |c Marcello Abbrescia, Vladimir Peskov, and Paulo Fonte. 
264 1 |a [Hoboken, NJ?] :  |b Wiley-VCH,  |c [2018] 
264 4 |c ©2018 
300 |a 1 online resource 
336 |a text  |b txt  |2 rdacontent 
337 |a computer  |b c  |2 rdamedia 
338 |a online resource  |b cr  |2 rdacarrier 
505 0 |a INTRODUCTION; Main feature of gaseous detectors with resistive electrodes-spark quenching; ; HISTORY OF GASEOUS DETECTORS WITH RESISTIVE ELECTRODES; Iarrocci streamer tubes; Multi-wire proportional counters with resistive electrodes; "Pestov" RPC; "Santonico" RPC; Timing RPC; Multigap RPCs; High position resolution RPCs; ; SINGLE LAYER RPCs; Features of single layer RPCs: designs, construction features, oil treatment and operation; Physics of spark protection; Spark and streamer modes; Signal developments and position information; Time resolution; Choice of gases and resistive materials; ; DOUBLE LAYER RPCs; Designs, construction features, materials; Dark current, noise pulses; Choice of resistive materials (melamine, Bakelite, 
505 0 |a Glass); Rate characteristics; Gases and gas systems; ; RECENT DEVELOPMENTS; Basic principle of multilayer RPCs operation; Time resolution; Space charge effect; Noise pulses; High rate RPCs; Materials; Chinese /; Pestov glass ceramics; High position resolution RPCs; ; RPC OPERATION IN HIGH ENERGY PHYSICS EXPERIMENTS; L3 experiment; SLAC BaBar RPCs, problems and solutions; LHC: CMS, ATLAS, ALICE experiments; Gain monitoring and stability; HADES-TOF; ; ASTROPHYSICS EXPERIMENTS; OPERA detector; ARGO experiment; Extreme energy and others large-scale experiments; ; UPGRADE DETECTORS; NEW EXPERIMENTS; LHC detectors upgrades; BESIII-ETOF upgrade; BGO-EGG at LEPS2; SBN-TOF; R3B-FAIR; ; NEW DEVELOPMENTS; Hybrid designs: Paulo detectors, high pos. resol. 
505 0 |a Detectors for CMS; Micro-pattern detectors with resistive electrodes; ; APPLICATIONS AND PERSPECTIVES; RPC for time of flight PET; Resistive MICROMEGAS in ATLAS; Neutrons detection; Imaging calorimetry-DHCAL; Homeland security-muon tomography; Mammographic scanner; Prototypes of Rn and Po detectors; Prototypes of flame and spark detectors; ; CONCLUSIONS; The place of RPCs among present alternative detectors and perspectives. 
506 |a Plný text je dostupný pouze z IP adres počítačů Univerzity Tomáše Bati ve Zlíně nebo vzdáleným přístupem pro zaměstnance a studenty 
520 8 |a This critical summary for experts fills the gap between the rapid developments in the field and their simple and analytical descriptions. The experienced international team of authors adopts a didactic approach, with each subject gradually increasing in complexity. 
590 |a Knovel  |b Knovel (All titles) 
650 0 |a Gas detectors. 
655 7 |a elektronické knihy  |7 fd186907  |2 czenas 
655 9 |a electronic books  |2 eczenas 
700 1 |a Peskov, Vladimir,  |e author. 
700 1 |a Fonte, Paulo,  |e author. 
776 0 8 |i Print version :  |z 9783527340767 
856 4 0 |u https://proxy.k.utb.cz/login?url=https://app.knovel.com/hotlink/toc/id:kpRGDDPP01/resistive-gaseous-detectors?kpromoter=marc  |y Full text